<?xml version="1.0" encoding="UTF-8"?>
<record
    xmlns:xsi="http://www.w3.org/2001/XMLSchema-instance"
    xsi:schemaLocation="http://www.loc.gov/MARC21/slim http://www.loc.gov/standards/marcxml/schema/MARC21slim.xsd"
    xmlns="http://www.loc.gov/MARC21/slim">

  <leader>00228nam a22001097a 4500</leader>
  <datafield tag="040" ind1=" " ind2=" ">
    <subfield code="c">SK</subfield>
  </datafield>
  <datafield tag="082" ind1=" " ind2=" ">
    <subfield code="a">570</subfield>
  </datafield>
  <datafield tag="100" ind1=" " ind2=" ">
    <subfield code="a">&#x178C;&#x17BB;&#x1780; &#x1786;&#x17C1;&#x1784;</subfield>
  </datafield>
  <datafield tag="245" ind1=" " ind2=" ">
    <subfield code="a">&#x1787;&#x17B8;&#x179C;&#x179C;&#x17B7;&#x1791;&#x17D2;&#x1799;&#x17B6;</subfield>
  </datafield>
  <datafield tag="260" ind1=" " ind2=" ">
    <subfield code="a">RUA</subfield>
    <subfield code="b">&#x178C;&#x17BB;&#x1780;</subfield>
    <subfield code="c">1994</subfield>
  </datafield>
  <datafield tag="942" ind1=" " ind2=" ">
    <subfield code="c">KB</subfield>
  </datafield>
  <datafield tag="999" ind1=" " ind2=" ">
    <subfield code="c">8525</subfield>
    <subfield code="d">8525</subfield>
  </datafield>
  <datafield tag="952" ind1=" " ind2=" ">
    <subfield code="0">0</subfield>
    <subfield code="1">0</subfield>
    <subfield code="4">0</subfield>
    <subfield code="6">570_000000000000000_&#x178C;&#x17BB;&#x1780;_1994_C165</subfield>
    <subfield code="7">0</subfield>
    <subfield code="9">48687</subfield>
    <subfield code="a">LBC</subfield>
    <subfield code="b">LBC</subfield>
    <subfield code="c">C165</subfield>
    <subfield code="d">2016-08-03</subfield>
    <subfield code="o">570 &#x178C;&#x17BB;&#x1780; 1994 C165</subfield>
    <subfield code="p">RUA047040</subfield>
    <subfield code="r">2016-10-13</subfield>
    <subfield code="y">KB</subfield>
  </datafield>
  <datafield tag="952" ind1=" " ind2=" ">
    <subfield code="0">0</subfield>
    <subfield code="1">0</subfield>
    <subfield code="4">0</subfield>
    <subfield code="6">570_000000000000000_&#x178C;&#x17BB;&#x1780;_1994_C165</subfield>
    <subfield code="7">0</subfield>
    <subfield code="9">48688</subfield>
    <subfield code="a">LBC</subfield>
    <subfield code="b">LBC</subfield>
    <subfield code="c">C165</subfield>
    <subfield code="d">2016-08-03</subfield>
    <subfield code="o">570 &#x178C;&#x17BB;&#x1780; 1994 C165</subfield>
    <subfield code="p">RUA045676</subfield>
    <subfield code="r">2016-10-13</subfield>
    <subfield code="y">KB</subfield>
  </datafield>
  <datafield tag="952" ind1=" " ind2=" ">
    <subfield code="0">0</subfield>
    <subfield code="1">0</subfield>
    <subfield code="4">0</subfield>
    <subfield code="6">570_000000000000000_&#x178C;&#x17BB;&#x1780;_1994_C165</subfield>
    <subfield code="7">0</subfield>
    <subfield code="9">48690</subfield>
    <subfield code="a">LBC</subfield>
    <subfield code="b">LBC</subfield>
    <subfield code="c">C165</subfield>
    <subfield code="d">2016-08-03</subfield>
    <subfield code="o">570 &#x178C;&#x17BB;&#x1780; 1994 C165</subfield>
    <subfield code="p">RUA062365</subfield>
    <subfield code="r">2016-10-13</subfield>
    <subfield code="y">KB</subfield>
  </datafield>
  <datafield tag="952" ind1=" " ind2=" ">
    <subfield code="0">0</subfield>
    <subfield code="1">0</subfield>
    <subfield code="4">0</subfield>
    <subfield code="6">570_000000000000000_&#x178C;&#x17BB;&#x1780;_1994_C165</subfield>
    <subfield code="7">0</subfield>
    <subfield code="9">48691</subfield>
    <subfield code="a">LBC</subfield>
    <subfield code="b">LBC</subfield>
    <subfield code="c">C165</subfield>
    <subfield code="d">2016-08-03</subfield>
    <subfield code="o">570 &#x178C;&#x17BB;&#x1780; 1994 C165</subfield>
    <subfield code="p">RUA046980</subfield>
    <subfield code="r">2016-10-13</subfield>
    <subfield code="y">KB</subfield>
  </datafield>
  <datafield tag="952" ind1=" " ind2=" ">
    <subfield code="0">0</subfield>
    <subfield code="1">0</subfield>
    <subfield code="4">0</subfield>
    <subfield code="6">570_000000000000000_&#x178C;&#x17BB;&#x1780;_1994_C165</subfield>
    <subfield code="7">0</subfield>
    <subfield code="9">48692</subfield>
    <subfield code="a">LBC</subfield>
    <subfield code="b">LBC</subfield>
    <subfield code="c">C165</subfield>
    <subfield code="d">2016-08-03</subfield>
    <subfield code="o">570 &#x178C;&#x17BB;&#x1780; 1994 C165</subfield>
    <subfield code="p">RUA045866</subfield>
    <subfield code="r">2016-10-13</subfield>
    <subfield code="y">KB</subfield>
  </datafield>
  <datafield tag="952" ind1=" " ind2=" ">
    <subfield code="0">0</subfield>
    <subfield code="1">0</subfield>
    <subfield code="4">0</subfield>
    <subfield code="6">570_000000000000000_&#x178C;&#x17BB;&#x1780;_1994_C165</subfield>
    <subfield code="7">0</subfield>
    <subfield code="9">48693</subfield>
    <subfield code="a">LBC</subfield>
    <subfield code="b">LBC</subfield>
    <subfield code="c">C165</subfield>
    <subfield code="d">2016-08-03</subfield>
    <subfield code="o">570 &#x178C;&#x17BB;&#x1780; 1994 C165</subfield>
    <subfield code="p">RUA061495</subfield>
    <subfield code="r">2016-10-13</subfield>
    <subfield code="y">KB</subfield>
  </datafield>
  <datafield tag="952" ind1=" " ind2=" ">
    <subfield code="0">0</subfield>
    <subfield code="1">0</subfield>
    <subfield code="4">0</subfield>
    <subfield code="6">570_000000000000000_&#x178C;&#x17BB;&#x1780;_1994_C165</subfield>
    <subfield code="7">0</subfield>
    <subfield code="9">48696</subfield>
    <subfield code="a">LBC</subfield>
    <subfield code="b">LBC</subfield>
    <subfield code="c">C165</subfield>
    <subfield code="d">2016-08-03</subfield>
    <subfield code="o">570 &#x178C;&#x17BB;&#x1780; 1994 C165</subfield>
    <subfield code="p">RUA061440</subfield>
    <subfield code="r">2016-10-13</subfield>
    <subfield code="y">KB</subfield>
  </datafield>
  <datafield tag="952" ind1=" " ind2=" ">
    <subfield code="0">0</subfield>
    <subfield code="1">0</subfield>
    <subfield code="4">0</subfield>
    <subfield code="6">570_000000000000000_&#x178C;&#x17BB;&#x1780;_1994_C165</subfield>
    <subfield code="7">0</subfield>
    <subfield code="9">48697</subfield>
    <subfield code="a">LBC</subfield>
    <subfield code="b">LBC</subfield>
    <subfield code="c">C165</subfield>
    <subfield code="d">2016-08-03</subfield>
    <subfield code="l">1</subfield>
    <subfield code="o">570 &#x178C;&#x17BB;&#x1780; 1994 C165</subfield>
    <subfield code="p">RUA045073</subfield>
    <subfield code="r">2017-01-21</subfield>
    <subfield code="s">2017-01-10</subfield>
    <subfield code="y">KB</subfield>
  </datafield>
  <datafield tag="952" ind1=" " ind2=" ">
    <subfield code="0">0</subfield>
    <subfield code="1">0</subfield>
    <subfield code="4">0</subfield>
    <subfield code="6">570_000000000000000_&#x1798;&#x17C5;_1948_C165</subfield>
    <subfield code="7">0</subfield>
    <subfield code="9">48700</subfield>
    <subfield code="a">LBC</subfield>
    <subfield code="b">LBC</subfield>
    <subfield code="c">C165</subfield>
    <subfield code="d">2016-08-03</subfield>
    <subfield code="o">570 &#x1798;&#x17C9;&#x17C5; 1948 C165</subfield>
    <subfield code="p">RUA062283</subfield>
    <subfield code="r">2016-10-13</subfield>
    <subfield code="y">KB</subfield>
  </datafield>
</record>
